| 000 | 00630nam a2200181Ia 4500 | ||
|---|---|---|---|
| 003 | IN-BaIIA | ||
| 005 | 20250707092333.0 | ||
| 008 | 211028s9999 xx 000 0 eng d | ||
| 040 | _cIIA Library | ||
| 080 |
_a(084.3)524.3 _bAKA |
||
| 110 |
_aDeutsche Akademie der Wissenschaften zu Berlin _91078 |
||
| 245 | 0 |
_aAkademische sternkanter fur der gutetel des Himmels _bvol. 15, sudlicher bis 150 nordlicks abweichung noch bersels vorchlag _cDeutsche Akademie der Wissenschaften zu Berlin |
|
| 260 |
_aBerlin _bDummler's Verlags-Buchhandlung _c1859 |
||
| 650 | _aAtlas | ||
| 650 |
_aCharts _91079 |
||
| 650 | _aStars | ||
| 942 |
_cBK _2ddc |
||
| 999 |
_c467 _d467 |
||